Score 0/28 Timer 03:00
2 Plays Today
Clue 5-Letter Word % Correct
Tolkien epic, Lord of the ___• RINGS •
99.4%
Starr of the BeatlesRINGO
97.4%
Pasta cooked to be firm, al _____DENTE
89.6%
Juicy, tropical stone fruitMANGO
89.3%
Johnny Depp animated WesternRANGO
88.8%
'Vacation' actor ChevyCHASE
87.7%
William Golding classic novel, Lord of the ___• FLIES •
86.7%
Little Bo-Peep's lossSHEEP
85.4%
Past, present, or future, e.g.TENSE
85.1%
Play dishonestlyCHEAT
84.5%
Divine Comedy writerDANTE
84.2%
Michael Flatley or his performance, Lord of the ___• DANCE •
83.8%
Thick, compact, obscureDENSE
83.3%
Hand selectedCHOSE
83.2%
Clue 5-Letter Word % Correct
Experience REMSLEEP
81.6%
Skin disease associated with animalsMANGE
80.2%
Long spear for medieval warriorsLANCE
80.1%
To provoke, annoy, or poke funTEASE
78.9%
American Horror Story star JessicaLANGE
78.9%
Young bird's cryCHEEP
78.6%
Like some tricksCHEAP
76.9%
Item on a to-do listCHORE
75.9%
Smooth and stylishSLEEK
75.4%
To stop, haltCEASE
74.9%
Hightails itFLEES
70.7%
With 'on,' flawlessly styled or groomed (slang)FLEEK
65.2%
'Dear' in ParisCHÈRE
61.3%
Fine-grained sedimentary rockCHERT
56.2%

Today's Daily Dose

Remove Ads.
Support Sporcle.
Get the best of Sporcle when you Go Orange. This ad-free experience offers more features, more stats, and more fun while also helping to support Sporcle. Thank you for becoming a member.

You're not logged in!

Compare scores with friends on all Sporcle quizzes.
OR
Log In

Show Comments

Extras

Top Quizzes Today


Score Distribution

Your Account Isn't Verified!

In order to create a playlist on Sporcle, you need to verify the email address you used during registration. Go to your Sporcle Settings to finish the process.

Report this User

Report this user for behavior that violates our Community Guidelines.

Details: